Normal view
MARC view
Entry Personal Name
001 - CONTROL NUMBER
- control field: 784086
003 - CONTROL NUMBER IDENTIFIER
- control field: OSt
005 - DATE AND TIME OF LATEST TRANSACTION
- control field: 20250513111818.0
008 - FIXED-LENGTH DATA ELEMENTS
- fixed length control field: 250513|| aca||aabn | a|a d
040 ## - CATALOGING SOURCE
- Original cataloging agency: OSt
- Transcribing agency: OSt
100 ## - HEADING--PERSONAL NAME
- Personal name: यादव, रमा शंकर 'विद्रोही'
670 ## - SOURCE DATA FOUND
- Source citation: Work cat.: (OSt)1400743: यादव, रमा शंकर 'विद्रोही', नयी खेती , 2018.
